[Event "XVI Memorial Edoardo Crespi Magistrale"]
[Site "Milano ITA"]
[Date "1995.12.??"]
[Round "3"]
[White "Borgo, Giulio"]
[Black "Sartori, Spartaco"]
[Result "1-0"]
[WhiteElo "2345"]
[BlackElo "2270"]
[PlyCount "81"]
[EventDate "1995.12.07"]

1. e4 e6 2. d4 d5 3. Nc3 Bb4 4. e5 c5 5. Bd2 Ne7 6. dxc5 Nd7 7. f4 O-O 8. Nf3
f6 9. exf6 Rxf6 10. Qe2 Nxc5 11. O-O-O Bd7 12. g3 Qa5 13. Kb1 Na4 14. Nxa4 Qxa4
15. Bxb4 Qxb4 16. Nd4 Nc6 17. c3 Nxd4 18. Rxd4 Qc5 19. Bh3 Rh6 20. Bg4 Rg6 21.
Rhd1 Qb6 22. Bf3 Rf6 23. c4 Ba4 24. R1d2 dxc4 25. Qxc4 Bb5 26. Qb3 Bc6 27. Qxb6
axb6 28. Rd8+ Rxd8 29. Rxd8+ Rf8 30. Rxf8+ Kxf8 31. Bxc6 bxc6 32. Kc2 Ke7 33.
Kd3 Kd6 34. Ke4 b5 35. b4 Kd7 36. Ke5 Ke7 37. g4 Kd7 38. h4 h6 39. h5 Ke7 40.
g5 hxg5 41. fxg5 1-0

[Event "XVI Memorial Edoardo Crespi Magistrale"]
[Site "Milano ITA"]
[Date "1995.12.??"]
[Round "3"]
[White "Bressanelli, Roberto"]
[Black "Cebalo, Miso"]
[Result "0-1"]
[WhiteElo "1906"]
[BlackElo "2515"]
[PlyCount "46"]
[EventDate "1995.12.07"]

1. e4 c5 2. b4 d6 3. bxc5 dxc5 4. Nf3 Nf6 5. e5 Nd5 6. h3 g6 7. c3 Bg7 8. d4
cxd4 9. cxd4 O-O 10. Bc4 b5 11. Bb3 Bf5 12. O-O Nc6 13. Bg5 h6 14. Be3 Rc8 15.
Qd2 Kh7 16. Bxd5 Qxd5 17. Nh4 b4 18. Nxf5 gxf5 19. Rd1 Rg8 20. g3 f6 21. a3
fxe5 22. axb4 exd4 23. Qe1 Ne5 0-1

[Event "XVI Memorial Edoardo Crespi Magistrale"]
[Site "Milano ITA"]
[Date "1995.12.??"]
[Round "3"]
[White "Cappello, Guido"]
[Black "Foisor, Ovidiu-Doru"]
[Result "0-1"]
[WhiteElo "2235"]
[BlackElo "2440"]
[PlyCount "86"]
[EventDate "1995.12.07"]

1. e4 e6 2. d4 d5 3. Nd2 dxe4 4. Nxe4 Bd7 5. Nf3 Bc6 6. Bd3 Nd7 7. Qe2 Ngf6 8.
Neg5 Bxf3 9. Qxf3 c6 10. O-O Bd6 11. Qh3 Qe7 12. b4 O-O-O 13. b5 c5 14. c3 h6
15. Ne4 Nxe4 16. Bxe4 Nf6 17. Bf3 g5 18. Be2 Nd5 19. c4 Nf4 20. Bxf4 Bxf4 21.
d5 f5 22. dxe6 Qxe6 23. Bd1 g4 24. Qb3 Bxh2+ 25. Kxh2 Qe5+ 26. Qg3 Qxa1 27.
Bxg4 Qf6 28. Bh3 Rhe8 29. Qf4 Qe5 30. Bxf5+ Kc7 31. Qxe5+ Rxe5 32. g4 h5 33. f3
Rd4 34. Rc1 hxg4 35. fxg4 Re3 36. Rc2 Kd6 37. Rf2 Ke5 38. Bc8 Rf4 39. Rg2 Rxc4
40. g5 Rh4+ 41. Kg1 b6 42. g6 Rh8 43. Bb7 Rg8 0-1

[Event "XVI Memorial Edoardo Crespi Magistrale"]
[Site "Milano ITA"]
[Date "1995.12.??"]
[Round "3"]
[White "Cazzaniga, Walter"]
[Black "Misiano, Franco"]
[Result "0-1"]
[WhiteElo "2190"]
[BlackElo "1984"]
[PlyCount "64"]
[EventDate "1995.12.07"]

1. d4 d5 2. c4 c6 3. Nf3 Nf6 4. Nc3 e6 5. Bg5 dxc4 6. e4 b5 7. a4 Bb7 8. e5 h6
9. Bh4 g5 10. exf6 gxh4 11. axb5 cxb5 12. Nxb5 Qb6 13. Bxc4 a6 14. Nc3 Qxb2 15.
O-O Qxc3 16. Ne5 Bd6 17. Bxe6 fxe6 18. Qh5+ Kd8 19. Nf7+ Kd7 20. Nxh8 Qxd4 21.
Qf7+ Kc8 22. Ng6 Nd7 23. Rfc1+ Bc5 24. Rxc5+ Qxc5 25. Qxe6 Kc7 26. Qe1 Qd5 27.
Rc1+ Kb8 28. Qe8+ Ka7 29. Qe3+ Kb8 30. Nf4 Qe5 31. Qxe5+ Nxe5 32. Ne6 Ka7 0-1

[Event "XVI Memorial Edoardo Crespi Magistrale"]
[Site "Milano ITA"]
[Date "1995.12.??"]
[Round "3"]
[White "Dorighet, Claudio"]
[Black "Barlocco, Carlo"]
[Result "0-1"]
[WhiteElo "1714"]
[BlackElo "2160"]
[PlyCount "82"]
[EventDate "1995.12.07"]

1. c4 c6 2. Nc3 d5 3. cxd5 cxd5 4. d4 Nf6 5. Nf3 Nc6 6. Bg5 Ne4 7. Bh4 Qb6 8.
Qb3 e6 9. e3 Qxb3 10. axb3 Bb4 11. Nd2 Nxc3 12. bxc3 Bxc3 13. Rc1 Bb4 14. Bd3
Bd7 15. Ke2 O-O 16. Rc2 Ba5 17. Ra1 Bb6 18. Rcc1 Nb4 19. Nf3 Nxd3 20. Kxd3 Rac8
21. Be7 Rxc1 22. Rxc1 Rc8 23. Bc5 Ba5 24. Ke2 b6 25. Ba3 Rxc1 26. Bxc1 Bb5+ 27.
Kd1 Bb4 28. Ne1 f6 29. Nc2 Bd6 30. Na3 Bf1 31. g3 Kf7 32. Nc2 Bd3 33. Ne1 Bg6
34. Bd2 e5 35. Bc3 Ke6 36. Kd2 Bf5 37. f3 g5 38. Ke2 h5 39. Kd2 h4 40. Ng2 h3
41. Ne1 exd4 0-1

[Event "XVI Memorial Edoardo Crespi Magistrale"]
[Site "Milano ITA"]
[Date "1995.12.??"]
[Round "3"]
[White "Drazic, Sinisa"]
[Black "Foisor, Cristina-Adela"]
[Result "1-0"]
[WhiteElo "2405"]
[BlackElo "2345"]
[PlyCount "139"]
[EventDate "1995.12.07"]

1. d4 Nf6 2. Bg5 d5 3. Bxf6 gxf6 4. e3 e6 5. c4 c6 6. Nc3 Nd7 7. cxd5 cxd5 8.
Nge2 Nb6 9. Nf4 Bd7 10. Bd3 Rc8 11. O-O f5 12. Rc1 Bd6 13. g3 Bxf4 14. gxf4 Qh4
15. Kh1 Rg8 16. b3 Ke7 17. Qf3 Rg6 18. Ne2 Rcg8 19. Rg1 Rh6 20. Rg2 Rxg2 21.
Qxg2 Rg6 22. Qf3 Nc8 23. Ng3 Nd6 24. Qh5 Qxh5 25. Nxh5 Bb5 26. Bxb5 Nxb5 27.
Rc8 Nd6 28. Rb8 Kd7 29. Ng3 Rg7 30. Kg2 Kc7 31. Rh8 Ne4 32. Kf3 Nf6 33. Rf8 a6
34. Ke2 Nd7 35. Rh8 Nf6 36. Rf8 Nd7 37. Re8 Nf6 38. Re7+ Kc6 39. Kf1 Ng8 40.
Re8 Nf6 41. Rf8 Kc7 42. f3 Nd7 43. Rh8 Nf6 44. Rf8 Nd7 45. Re8 Nf6 46. Re7+ Kc6
47. Kf2 a5 48. Ne2 Nd7 49. h4 Kd6 50. Re8 f6 51. Nc3 Nb6 52. Nb5+ Kd7 53. Rb8
Kc6 54. a4 Re7 55. h5 Nd7 56. Ra8 Kb6 57. h6 Kc6 58. Rc8+ Kb6 59. Rg8 Kc6 60.
Rc8+ Kb6 61. Ke2 Ka6 62. Rg8 Nb6 63. Rg7 Nc8 64. Rg8 Nb6 65. Kd2 e5 66. Rg7 Rd7
67. fxe5 fxe5 68. dxe5 Rd8 69. Nd4 Nd7 70. Ne6 1-0

[Event "XVI Memorial Edoardo Crespi Magistrale"]
[Site "Milano ITA"]
[Date "1995.12.??"]
[Round "3"]
[White "Lanzani, Mario"]
[Black "Barberi, Alessandro"]
[Result "1-0"]
[WhiteElo "2330"]
[BlackElo "2029"]
[PlyCount "85"]
[EventDate "1995.12.07"]

1. e4 c5 2. Nf3 d6 3. d4 cxd4 4. Nxd4 Nf6 5. f3 g6 6. c4 Bg7 7. Be3 O-O 8. Nc3
b6 9. Be2 Bb7 10. O-O Nc6 11. Qd2 Re8 12. Rac1 Nd7 13. Rfd1 Nc5 14. Nxc6 Bxc6
15. b4 Ne6 16. Nd5 Rc8 17. Bf1 Qd7 18. Qf2 Qb7 19. f4 Nf8 20. b5 Bxd5 21. cxd5
Nd7 22. Rc6 Nb8 23. a4 Nxc6 24. dxc6 Qc7 25. a5 Rb8 26. axb6 axb6 27. Rd3 Qa7
28. g3 Qa5 29. Rd2 Bc3 30. Ra2 Qb4 31. Ra6 Qxe4 32. Rxb6 Rxb6 33. Bxb6 e5 34.
fxe5 dxe5 35. Qe3 Qc2 36. Qd3 Qxd3 37. Bxd3 e4 38. Be2 f5 39. Bc7 Bd4+ 40. Kf1
Rc8 41. Bc4+ Kg7 42. Ba5 Kf6 43. c7 1-0

[Event "XVI Memorial Edoardo Crespi Magistrale"]
[Site "Milano ITA"]
[Date "1995.12.??"]
[Round "3"]
[White "Mordiglia, Riccardo"]
[Black "Scavo, Fernando"]
[Result "0-1"]
[WhiteElo "2015"]
[BlackElo "2260"]
[PlyCount "34"]
[EventDate "1995.12.07"]

1. e4 e6 2. d4 d5 3. e5 c5 4. c3 Nc6 5. Nf3 Bd7 6. Bd3 Rc8 7. a3 cxd4 8. cxd4
Qb6 9. Be2 g5 10. Nc3 g4 11. Na4 Qa5+ 12. b4 Qc7 13. Ng1 Nxd4 14. Qxd4 Bxa4 15.
h3 Qxc1+ 16. Rxc1 Rxc1+ 17. Kd2 Bh6+ 0-1

[Event "XVI Memorial Edoardo Crespi Magistrale"]
[Site "Milano ITA"]
[Date "1995.12.??"]
[Round "3"]
[White "Zoldan, Matteo"]
[Black "Timpani, Nicola"]
[Result "0-1"]
[WhiteElo "1978"]
[BlackElo "1900"]
[PlyCount "64"]
[EventDate "1995.12.07"]

1. d4 Nf6 2. c4 e6 3. Nc3 Bb4 4. Qc2 b6 5. Nf3 Bb7 6. a3 Bxc3+ 7. Qxc3 Ne4 8.
Qc2 d6 9. e3 Nd7 10. Bd3 f5 11. b4 Qe7 12. Bb2 O-O 13. O-O Ndf6 14. c5 bxc5 15.
bxc5 dxc5 16. Rac1 cxd4 17. Qxc7 Qxc7 18. Rxc7 dxe3 19. Rxb7 exf2+ 20. Kh1 Rab8
21. Rxb8 Rxb8 22. Be5 Rd8 23. Bc4 Kf7 24. Bd4 Ng4 25. Bxa7 Ra8 26. Bd4 Rxa3 27.
Bb2 Ra4 28. Bb5 Rb4 29. Bd3 Rxb2 30. Bxe4 fxe4 31. Ng5+ Kg6 32. Nxe4 Ne3 0-1

[Event "XVI Memorial Edoardo Crespi Magistrale"]
[Site "Milano ITA"]
[Date "1995.12.??"]
[Round "4"]
[White "Barberi, Alessandro"]
[Black "Marcoli, Paolo"]
[Result "0-1"]
[WhiteElo "2029"]
[BlackElo "1945"]
[PlyCount "75"]
[EventDate "1995.12.07"]

1. d4 Nf6 2. c4 g6 3. Nc3 Bg7 4. e4 d6 5. f3 O-O 6. Be3 e5 7. Nge2 c6 8. Qc2
Nbd7 9. Rd1 Qe7 10. Nc1 Nh5 11. dxe5 Nxe5 12. Be2 f5 13. O-O f4 14. Bd4 Be6 15.
Nb1 c5 16. Bc3 Rad8 17. b3 Rf7 18. Nd3 Nc6 19. Bxg7 Rxg7 20. Nc1 Nd4 21. Qc3 a6
22. Na3 g5 23. Nc2 Nxe2+ 24. Nxe2 g4 25. e5 gxf3 26. Rxf3 Bg4 27. exd6 Qxe2 28.
Re1 Bxf3 29. Rxe2 Bxe2 30. Qe5 f3 31. g3 Rf8 32. Kf2 Nf6 33. Ne3 b6 34. h3 h5
35. Nf5 Rd7 36. Qe6+ Kh7 37. Ne7 Bd3 38. Kxf3 0-1

[Event "XVI Memorial Edoardo Crespi Magistrale"]
[Site "Milano ITA"]
[Date "1995.12.??"]
[Round "4"]
[White "Barlocco, Carlo"]
[Black "Borgo, Giulio"]
[Result "1-0"]
[WhiteElo "2160"]
[BlackElo "2345"]
[PlyCount "79"]
[EventDate "1995.12.07"]

1. e4 c5 2. Nf3 Nc6 3. d4 cxd4 4. Nxd4 Nf6 5. Nc3 d6 6. Bg5 e6 7. Qd2 a6 8.
O-O-O h6 9. Be3 Ng4 10. Nxc6 bxc6 11. Bc5 d5 12. Bxf8 Kxf8 13. f3 Nf6 14. Bc4
Ke7 15. Qe3 Bb7 16. g4 Qa5 17. exd5 cxd5 18. Bb3 Rac8 19. h4 Qc5 20. Rd4 Rhd8
21. g5 Ng8 22. Rhd1 Kf8 23. f4 Ne7 24. Ne4 Qc7 25. Ng3 hxg5 26. hxg5 Rd6 27.
Rh1 Ng6 28. c3 e5 29. fxe5 Re6 30. Qd2 Qxe5 31. Nh5 Rce8 32. Nf4 Nxf4 33. Qxf4
Qxf4+ 34. Rxf4 Re1+ 35. Rxe1 Rxe1+ 36. Kd2 Rg1 37. Rb4 Bc6 38. Rb6 Bb5 39. Bxd5
Rxg5 40. c4 1-0

[Event "XVI Memorial Edoardo Crespi Magistrale"]
[Site "Milano ITA"]
[Date "1995.12.??"]
[Round "4"]
[White "Cebalo, Miso"]
[Black "Lanzani, Mario"]
[Result "1-0"]
[WhiteElo "2515"]
[BlackElo "2330"]
[PlyCount "97"]
[EventDate "1995.12.07"]

1. d4 Nf6 2. Nf3 e6 3. c4 Bb4+ 4. Nbd2 d5 5. a3 Be7 6. g3 O-O 7. Bg2 b6 8. cxd5
exd5 9. Ne5 Bb7 10. O-O c5 11. b3 Na6 12. Bb2 Nc7 13. Ndf3 Ne6 14. Rc1 Rc8 15.
e3 Qd6 16. dxc5 bxc5 17. Nh4 g6 18. Qc2 Qa6 19. f4 d4 20. f5 Bxg2 21. Qxg2 Ng5
22. exd4 cxd4 23. Nc6 Bxa3 24. Bxd4 Bxc1 25. Rxc1 Qd3 26. Ne7+ Kg7 27. Bxf6+
Kxf6 28. Rxc8 Rxc8 29. Nxc8 Qe3+ 30. Kh1 Qc1+ 31. Qg1 Qc6+ 32. Ng2 Qxc8 33.
Qd4+ Ke7 34. Qe3+ Kf6 35. h4 Qxf5 36. Qd4+ Ke7 37. Qxa7+ Kf8 38. Qb8+ Kg7 39.
hxg5 Qxg5 40. Nf4 h5 41. Qc7 Kh6 42. Qc3 Kh7 43. Ng2 Qg4 44. Kh2 g5 45. b4 h4
46. gxh4 gxh4 47. Nxh4 Qf4+ 48. Kh3 f5 49. Ng2 1-0

[Event "XVI Memorial Edoardo Crespi Magistrale"]
[Site "Milano ITA"]
[Date "1995.12.??"]
[Round "4"]
[White "Dorighet, Claudio"]
[Black "Rossi, Giampiero"]
[Result "0-1"]
[WhiteElo "1714"]
[BlackElo "2135"]
[PlyCount "80"]
[EventDate "1995.12.07"]

1. c4 e6 2. Nc3 d5 3. cxd5 exd5 4. d4 c6 5. Nf3 Bf5 6. Qb3 Qb6 7. e3 Nd7 8. Be2
Ngf6 9. O-O Bd6 10. Na4 Qxb3 11. axb3 O-O 12. Bd2 Bc2 13. b4 Bxa4 14. Rxa4 a6
15. Rc1 Ne4 16. Be1 f5 17. g3 Rae8 18. Bd3 Re6 19. Bc3 g6 20. Raa1 Rfe8 21. Re1
Ndf6 22. Bxe4 Nxe4 23. Nd2 g5 24. Red1 f4 25. exf4 gxf4 26. Nb3 fxg3 27. hxg3
Rf8 28. Rf1 Ref6 29. Rae1 Nxf2 30. Na5 Bxg3 31. Re3 Ne4 32. Rxf6 Rxf6 33. Re2
b6 34. Nb3 Bf2+ 35. Kg2 Rg6+ 36. Kf3 Bh4 37. Rh2 Rg3+ 38. Ke2 Bg5 39. Rh5 h6
40. Nd2 Rxc3 0-1

[Event "XVI Memorial Edoardo Crespi Magistrale"]
[Site "Milano ITA"]
[Date "1995.12.??"]
[Round "4"]
[White "Foisor, Cristina-Adela"]
[Black "Medancic, Rikard"]
[Result "0-1"]
[WhiteElo "2345"]
[BlackElo "2340"]
[PlyCount "92"]
[EventDate "1995.12.07"]

1. c4 e5 2. g3 f5 3. Bg2 Nf6 4. Nc3 Bb4 5. Qc2 Bxc3 6. Qxc3 d6 7. d3 Nc6 8. e3
O-O 9. Ne2 Qe8 10. b4 Bd7 11. a4 e4 12. d4 a5 13. b5 Ne7 14. Ba3 b6 15. h3 Rf7
16. Qc2 Rc8 17. Nc3 Be6 18. Bf1 Bd7 19. Be2 Be6 20. Qb2 Bd7 21. Bd1 Be6 22. Bb3
Ng6 23. Ne2 d5 24. c5 c6 25. Nc3 bxc5 26. Bxc5 Nd7 27. Ba3 c5 28. Bxd5 cxd4 29.
exd4 e3 30. Bc6 Bc4 31. f4 Qd8 32. Rd1 Nxf4 33. h4 Nh5 34. Qg2 f4 35. gxf4 Nxf4
36. Qe4 Qf6 37. Qxe3 Rxc6 38. Qe8+ Rf8 39. Qxd7 Re6+ 40. Kd2 Rd8 41. Qa7 Nd5
42. Nxd5 Qf2+ 43. Kc1 Bxd5 44. Qc7 Qe3+ 45. Kc2 Qb3+ 46. Kd2 Qa2+ 0-1

[Event "XVI Memorial Edoardo Crespi Magistrale"]
[Site "Milano ITA"]
[Date "1995.12.??"]
[Round "4"]
[White "Foisor, Ovidiu-Doru"]
[Black "Bellini, Fabio"]
[Result "1/2-1/2"]
[WhiteElo "2440"]
[BlackElo "2350"]
[PlyCount "47"]
[EventDate "1995.12.07"]

1. c4 Nf6 2. Nf3 e6 3. g3 d5 4. Bg2 Be7 5. O-O O-O 6. d4 dxc4 7. Qc2 a6 8. a4
Bd7 9. Qxc4 Bc6 10. Bg5 a5 11. Nc3 Nbd7 12. Rfe1 Bxf3 13. Bxf3 c6 14. Qb3 Qb6
15. Qxb6 Nxb6 16. e4 Rfd8 17. Ne2 Kf8 18. Rec1 Nfd5 19. Bd2 Nb4 20. Be3 Nd7 21.
Bg2 e5 22. f4 exf4 23. gxf4 Re8 24. Rc3 1/2-1/2

[Event "XVI Memorial Edoardo Crespi Magistrale"]
[Site "Milano ITA"]
[Date "1995.12.??"]
[Round "4"]
[White "Misiano, Franco"]
[Black "Cappello, Guido"]
[Result "1-0"]
[WhiteElo "1984"]
[BlackElo "2235"]
[PlyCount "79"]
[EventDate "1995.12.07"]

1. e4 e5 2. Nf3 Nc6 3. Bb5 a6 4. Ba4 Nf6 5. O-O b5 6. Bb3 Be7 7. Re1 O-O 8. c3
d5 9. exd5 Nxd5 10. Nxe5 Nxe5 11. Rxe5 c6 12. d4 Bd6 13. Re1 Qh4 14. g3 Qh3 15.
Be3 Bg4 16. Qd3 Rae8 17. Nd2 Re6 18. a4 f5 19. Qf1 Qh5 20. f4 bxa4 21. Rxa4 g5
22. Rxa6 gxf4 23. Bxf4 Re2 24. Rxe2 Bxe2 25. Rxc6 Bxf1 26. Bxd5+ Kg7 27. Rxd6
Re8 28. Nxf1 Qe2 29. Bh6+ Kh8 30. Rd7 Re7 31. Rd8+ Re8 32. Rd7 Re7 33. Rxe7
Qxe7 34. Ne3 f4 35. Bxf4 h5 36. Be5+ Kh7 37. h4 Qa7 38. Kf2 Qa1 39. c4 Qxb2+
40. Kf3 1-0

[Event "XVI Memorial Edoardo Crespi Magistrale"]
[Site "Milano ITA"]
[Date "1995.12.??"]
[Round "4"]
[White "Sartori, Spartaco"]
[Black "Bressanelli, Roberto"]
[Result "1-0"]
[WhiteElo "2270"]
[BlackElo "1906"]
[PlyCount "77"]
[EventDate "1995.12.07"]

1. c4 c5 2. Nf3 Nf6 3. Nc3 d5 4. cxd5 Nxd5 5. e4 Nxc3 6. bxc3 g6 7. Ba3 Qc7 8.
Bb5+ Bd7 9. Qb3 Bxb5 10. Qxb5+ Nd7 11. Rb1 b6 12. O-O Bg7 13. d4 O-O 14. Rfc1
Bh6 15. Rd1 Rfd8 16. Qe2 Rac8 17. d5 Bf4 18. g3 Bd6 19. c4 f6 20. Bb2 Be5 21.
Kg2 Bxb2 22. Qxb2 Nf8 23. e5 fxe5 24. Nxe5 e6 25. Ng4 Qg7 26. d6 Rc6 27. Nf6+
Kh8 28. Qe5 Nd7 29. Nxd7 Rxd7 30. Qxe6 Rd8 31. Rb3 Qd7 32. Qf6+ Kg8 33. Re3 Rf8
34. Qe7 Qxe7 35. Rxe7 Rd8 36. d7 Kf8 37. Rxh7 Rc7 38. Rh8+ Ke7 39. Re1+ 1-0

[Event "XVI Memorial Edoardo Crespi Magistrale"]
[Site "Milano ITA"]
[Date "1995.12.??"]
[Round "4"]
[White "Scavo, Fernando"]
[Black "Albanesi, Roberto"]
[Result "1-0"]
[WhiteElo "2260"]
[BlackElo "2184"]
[PlyCount "67"]
[EventDate "1995.12.07"]

1. d4 Nf6 2. c4 c5 3. d5 b5 4. cxb5 a6 5. e3 g6 6. Nc3 Bg7 7. Nf3 O-O 8. a4 d6
9. e4 Nbd7 10. h3 Bb7 11. bxa6 Bxa6 12. Bxa6 Rxa6 13. Qe2 Qa8 14. Rb1 Rb8 15.
b3 Rab6 16. Nb5 Ne8 17. O-O R6b7 18. Bb2 Nb6 19. Bxg7 Kxg7 20. Nd2 Nc7 21. Nxc7
Rxc7 22. Rbc1 Nd7 23. f4 e6 24. dxe6 fxe6 25. f5 exf5 26. exf5 Ne5 27. fxg6
hxg6 28. Nc4 Qa6 29. Qb2 Re7 30. Nxe5 dxe5 31. Qf2 Qe6 32. Rxc5 Rxb3 33. Qf8+
Kh7 34. Rc8 1-0

[Event "XVI Memorial Edoardo Crespi Magistrale"]
[Site "Milano ITA"]
[Date "1995.12.??"]
[Round "4"]
[White "Timpani, Nicola"]
[Black "Mordiglia, Riccardo"]
[Result "1-0"]
[WhiteElo "1900"]
[BlackElo "2015"]
[PlyCount "115"]
[EventDate "1995.12.07"]

1. e4 e5 2. Nf3 d6 3. d4 f5 4. Nc3 fxe4 5. Nxe4 d5 6. Nxe5 dxe4 7. Qh5+ g6 8.
Nxg6 Nf6 9. Qe5+ Be7 10. Nxh8 Qd5 11. Be2 Qxe5 12. dxe5 Ng4 13. f3 Nxe5 14.
fxe4 Bf6 15. Bh5+ Ke7 16. O-O Nbc6 17. Nf7 Be6 18. Bg5 Bxf7 19. Bxf6+ Ke6 20.
Bxe5 Nxe5 21. Bxf7+ Nxf7 22. Kf2 Ne5 23. h3 h5 24. Rad1 b6 25. b3 Rg8 26. g3
Nd7 27. Kg2 Nf6 28. Rxf6+ Kxf6 29. Rd7 h4 30. g4 Rc8 31. Kf3 a5 32. Kf4 b5 33.
Rd5 c5 34. e5+ Ke6 35. Rd6+ Ke7 36. Rb6 b4 37. Rb5 c4 38. Rxa5 cxb3 39. cxb3
Rc3 40. Rb5 Rxh3 41. Rxb4 Rh2 42. Rb7+ Ke6 43. Rb6+ Kf7 44. a4 Rf2+ 45. Kg5 h3
46. Rh6 h2 47. a5 Re2 48. Kf5 Rf2+ 49. Ke4 Rb2 50. a6 Kg7 51. g5 Rxb3 52. Rxh2
Ra3 53. Rh6 Ra5 54. Rb6 Ra1 55. Kd5 Ra5+ 56. Kc6 Rxe5 57. Rb7+ Kg6 58. a7 1-0

[Event "XVI Memorial Edoardo Crespi Magistrale"]
[Site "Milano ITA"]
[Date "1995.12.??"]
[Round "4"]
[White "Varini, Massimo"]
[Black "Bonanno, Alessandro"]
[Result "0-1"]
[WhiteElo "1974"]
[BlackElo "1950"]
[PlyCount "152"]
[EventDate "1995.12.07"]

1. Nf3 Nf6 2. d3 g6 3. e4 d6 4. h3 Bg7 5. c4 e5 6. Nc3 c6 7. Be3 Nbd7 8. Qd2 a6
9. a4 Qc7 10. a5 Nc5 11. Ra3 O-O 12. b4 Ne6 13. g4 Bd7 14. Bg2 Rae8 15. O-O Kh8
16. Rb1 Ng8 17. b5 Nd4 18. bxa6 bxa6 19. Rb6 f5 20. exf5 gxf5 21. gxf5 Bxf5 22.
Ng5 h6 23. Nge4 Re6 24. Ng3 Bxh3 25. Bxd4 Bxg2 26. Be3 Bf3 27. Rab3 Rg6 28. Kf1
Qd7 29. Ke1 Qh3 30. Nce4 Qh1+ 31. Nf1 Rg1 32. Neg3 Rxg3 33. fxg3 Bg2 34. Qb2
Rxf1+ 35. Kd2 Bf3 36. Rb7 Qg2+ 37. Kc3 Qxg3 38. Rxg7 Qxg7 39. Rb7 Qf6 40. Qb6
c5 41. Rd7 e4+ 42. d4 Rd1 43. Rxd6 Rd3+ 44. Kb2 Qh4 45. Bxh6 Qh2+ 46. Kb1 Rd1+
47. Bc1 Qd2 48. Qb2 Qxb2+ 49. Kxb2 cxd4 50. c5 e3 51. Kc2 e2 52. Bd2 e1=Q 53.
Bxe1 Rxe1 54. Rxa6 Ne7 55. Rd6 Nc6 56. a6 Ra1 57. Rf6 Be4+ 58. Kb2 Rxa6 59. Re6
Bd5 60. Rd6 Nb4 61. Rd7 Rc6 62. Ka1 Nc2+ 63. Kb2 Rxc5 64. Kc1 Be4 65. Kd2 d3
66. Re7 Bg6 67. Rd7 Rh5 68. Rd6 Kg7 69. Rd7+ Kh6 70. Rd8 Rh2+ 71. Kc1 Ne3 72.
Rd6 Nc4 73. Rxg6+ Kxg6 74. Kb1 Rh1+ 75. Ka2 d2 76. Kb3 d1=Q+ 0-1

[Event "XVI Memorial Edoardo Crespi Magistrale"]
[Site "Milano ITA"]
[Date "1995.12.??"]
[Round "5"]
[White "Albanesi, Roberto"]
[Black "Foisor, Cristina-Adela"]
[Result "1/2-1/2"]
[WhiteElo "2184"]
[BlackElo "2345"]
[PlyCount "63"]
[EventDate "1995.12.07"]

1. e4 e5 2. Nf3 Nc6 3. Nc3 Nf6 4. Bb5 Bb4 5. O-O d6 6. Nd5 Nxd5 7. exd5 a6 8.
Ba4 b5 9. dxc6 bxa4 10. c3 Ba5 11. Qxa4 Bb6 12. Re1 O-O 13. d4 Bg4 14. dxe5
Bxf3 15. gxf3 dxe5 16. Rxe5 Qf6 17. Qe4 Qg6+ 18. Qxg6 fxg6 19. Be3 Bxe3 20.
Rxe3 Rad8 21. Rae1 Rf6 22. Kg2 Rxc6 23. Re6 Rc5 24. Rxa6 Rd2 25. Ra8+ Kf7 26.
Ree8 Rxb2 27. Rf8+ Ke7 28. Rg8 Rxc3 29. Rxg7+ Kf6 30. Rxh7 Rcc2 31. Rf8+ Ke6
32. Re8+ 1/2-1/2

[Event "XVI Memorial Edoardo Crespi Magistrale"]
[Site "Milano ITA"]
[Date "1995.12.??"]
[Round "5"]
[White "Bonanno, Alessandro"]
[Black "Bressanelli, Roberto"]
[Result "1/2-1/2"]
[WhiteElo "1950"]
[BlackElo "1906"]
[PlyCount "54"]
[EventDate "1995.12.07"]

1. e4 e5 2. Nf3 Nc6 3. Bb5 a6 4. Bxc6 dxc6 5. O-O f6 6. d4 exd4 7. Nxd4 c5 8.
Ne2 Qxd1 9. Rxd1 Bd7 10. Be3 b6 11. Nbc3 Ne7 12. a4 Nc6 13. Nd5 O-O-O 14. Bf4
Ne5 15. b3 g5 16. Bg3 Bg7 17. Rd2 Kb7 18. Rad1 Bg4 19. Ne3 Rxd2 20. Rxd2 Be6
21. Bxe5 fxe5 22. c4 Bf6 23. Kf1 Rd8 24. Ke1 Rxd2 25. Kxd2 c6 26. Kc3 b5 27.
Nc1 h5 1/2-1/2

[Event "XVI Memorial Edoardo Crespi Magistrale"]
[Site "Milano ITA"]
[Date "1995.12.??"]
[Round "5"]
[White "Cappello, Guido"]
[Black "Timpani, Nicola"]
[Result "1-0"]
[WhiteElo "2235"]
[BlackElo "1900"]
[PlyCount "81"]
[EventDate "1995.12.07"]

1. e4 d5 2. exd5 Nf6 3. d4 Bg4 4. Be2 Bxe2 5. Nxe2 Qxd5 6. O-O Nc6 7. Na3 O-O-O
8. c4 Qh5 9. h3 g5 10. Be3 g4 11. d5 e6 12. Bd4 Nxd4 13. Qxd4 gxh3 14. Ng3 Qg4
15. Qxf6 hxg2 16. Kxg2 Bg7 17. Qxf7 Bxb2 18. Nb5 Rd7 19. Qxe6 Qxc4 20. Nxa7+
Kd8 21. Rac1 Qxa2 22. Rb1 Re8 23. Qf5 Re5 24. Qf6+ Rde7 25. d6 cxd6 26. Qxd6+
Ke8 27. Qd3 h5 28. Nb5 h4 29. Nd6+ Kf8 30. Qf3+ Kg8 31. Qg4+ Rg7 32. Qc8+ Kh7
33. Qc2+ Kg8 34. Rxb2 Qd5+ 35. Kg1 Qxd6 36. Qc4+ Qd5 37. Qxh4 Rh5 38. Rd2 Qf3
39. Qd8+ Kh7 40. Qd3+ Qxd3 41. Rxd3 1-0

[Event "XVI Memorial Edoardo Crespi Magistrale"]
[Site "Milano ITA"]
[Date "1995.12.??"]
[Round "5"]
[White "Cazzaniga, Walter"]
[Black "Dorighet, Claudio"]
[Result "1-0"]
[WhiteElo "2190"]
[BlackElo "1714"]
[PlyCount "61"]
[EventDate "1995.12.07"]

1. d4 f5 2. Nf3 Nf6 3. h3 d6 4. g4 fxg4 5. hxg4 Bxg4 6. Qd3 Qd7 7. Bg5 Qf5 8.
Qxf5 Bxf5 9. Nh4 Be4 10. f3 Bxc2 11. Nc3 Nh5 12. e4 Ng3 13. Rh2 Nxf1 14. Rxc2
h6 15. Ng6 Rg8 16. Bf4 Nc6 17. Nb5 Kf7 18. Nxf8 Raxf8 19. Kxf1 g5 20. Be3 Ke8
21. Ke2 h5 22. d5 Ne5 23. Nxc7+ Kd7 24. Ne6 Rxf3 25. Rc7+ Ke8 26. Rc8+ Kf7 27.
Nxg5+ Rxg5 28. Bxg5 Rg3 29. Rf1+ Kg7 30. Bxe7 Rg2+ 31. Rf2 1-0

[Event "XVI Memorial Edoardo Crespi Magistrale"]
[Site "Milano ITA"]
[Date "1995.12.??"]
[Round "5"]
[White "Drazic, Sinisa"]
[Black "Barlocco, Carlo"]
[Result "1/2-1/2"]
[WhiteElo "2405"]
[BlackElo "2160"]
[PlyCount "142"]
[EventDate "1995.12.07"]

1. Nf3 d5 2. g3 e6 3. Bg2 Nf6 4. O-O Be7 5. b3 O-O 6. Bb2 b6 7. c4 c6 8. d3
Nbd7 9. Nbd2 Qc7 10. Rc1 Bb7 11. a3 Rac8 12. cxd5 exd5 13. Re1 Qb8 14. Rc2 Rfe8
15. Qa1 Bf8 16. Rcc1 c5 17. d4 Ne4 18. dxc5 bxc5 19. e3 Ba8 20. Nxe4 dxe4 21.
Nd2 Bd5 22. Red1 Bc6 23. Qb1 f5 24. Qc2 Ne5 25. Bxe5 Qxe5 26. Nc4 Qc7 27. a4
Red8 28. Bf1 Rxd1 29. Rxd1 Be7 30. Na3 Rd8 31. Bc4+ Kf8 32. Nb5 Rxd1+ 33. Qxd1
Bxb5 34. axb5 Qd6 35. Qa1 Qd7 36. Kg2 Bf6 37. Qa6 Ke7 38. Qa3 Qc7 39. Bg8 g6
40. Bd5 Bc3 41. Qa6 Qd7 42. Bc4 Be5 43. Qa3 Qc7 44. Qa6 Qd7 45. Qa3 Qc7 46. h3
Bc3 47. Qa6 Qd7 48. Qa3 Qc7 49. Qc1 Qa5 50. Qd1 Bd2 51. g4 Qa2 52. gxf5 Bxe3
53. Qe1 Bd4 54. fxg6 Kf6 55. gxh7 Kg7 56. Kg3 Qc2 57. Kf4 Qxf2+ 58. Qxf2 Bxf2
59. Kxe4 Kxh7 60. Kd5 Be1 61. h4 Ba5 62. Be2 Bb6 63. Ke6 Kh6 64. Bf3 Bd8 65.
Kd7 Bb6 66. Ke7 Bc7 67. Ke8 Bb6 68. Bg4 Bc7 69. h5 Bb6 70. Kf7 Bc7 71. Be2 Bb6
1/2-1/2

[Event "XVI Memorial Edoardo Crespi Magistrale"]
[Site "Milano ITA"]
[Date "1995.12.??"]
[Round "5"]
[White "Foisor, Ovidiu-Doru"]
[Black "Misiano, Franco"]
[Result "1-0"]
[WhiteElo "2440"]
[BlackElo "1984"]
[PlyCount "87"]
[EventDate "1995.12.07"]

1. c4 c6 2. Nf3 Nf6 3. Nc3 d5 4. e3 e6 5. d4 Nbd7 6. Qc2 Bd6 7. Be2 O-O 8. O-O
e5 9. cxd5 cxd5 10. dxe5 Nxe5 11. Rd1 Nxf3+ 12. Bxf3 Qc7 13. g3 Be5 14. Bd2 Be6
15. Qd3 Qd7 16. Be1 Rfd8 17. Qe2 Qe7 18. a3 a6 19. Na4 b5 20. Bb4 Bd6 21. Bxd6
Qxd6 22. Nc3 Qb6 23. Rd4 Rd7 24. Rad1 Rad8 25. R1d2 Qb7 26. Qd1 h6 27. h4 Kf8
28. Bg2 Ke7 29. Qf3 Qc7 30. a4 Rb8 31. axb5 axb5 32. Rb4 Qc5 33. Qf4 Rdb7 34.
Rbd4 b4 35. Nxd5+ Nxd5 36. Bxd5 Qc1+ 37. Rd1 Qxb2 38. Bxb7 Rxb7 39. Qe5 Qc2 40.
Qxg7 b3 41. Qh8 Rd7 42. Rxd7+ Bxd7 43. Qd4 Be6 44. Qd8# 1-0